000 00461nam a2200169Ia 4500
008 210716s2004 xx 000 0 und d
020 _a8178811243
041 _aeng
082 _a658.4063 GEOS
100 _aGeorge, S S.
245 _aManaging innovation: in the new millennium.
_bIn the new millennium.
250 _a1
260 _aHyderabad
_bICFAI University Press
_c2004
300 _avi,178
650 _aGeneral Management
700 _aGeorge, S S.
999 _c202383
_d202383